000 00448nam a2200181Ia 4500
001 24308
005 20260414151034.0
008 260414t2019||||xx |||||||||||||| ||spa||
041 _aESP
082 _a345.2
_bV66E
100 _aVillanueva, Rocio
_eAUT
245 0 _aEnsayos sobre la prueba, argumentación y justicia
_b
260 _c2019
300 _a420 pƔginas :
_c20 cm.
650 _aDER
654 _aCDE
942 _cLIB
_dJUS
_fJUS
_2ddc
_n
999 _c24308
_d24308